| 000 | 00592cam a22001691 4500 | ||
|---|---|---|---|
| 082 | 0 | 0 |
_a669.9 _bHAN _cL-20, P-91 |
| 100 | 1 |
_aHanson, Albert. _944916 |
|
| 245 | 1 | 4 |
_aThe engineer's guide to steel, _cby Albert Hanson and J. Gordon Parr. |
| 260 |
_aReading, Mass., _bAddison-Wesley Pub. Co. _c[1965] |
||
| 300 |
_aviii, 406 p. _billus. _c24 cm. |
||
| 490 | 0 | _aAddison-Wesley series in metallurgy and materials | |
| 526 |
_a0 _b0 _c0 _d669_900000000000000_HAN |
||
| 650 | 0 |
_aMCE _9379 |
|
| 650 | 0 |
_aSteel _xHandbooks, manuals, etc. _944917 |
|
| 700 | 1 |
_aParr, James Gordon, _944918 |
|
| 942 |
_2ddc _cBK |
||
| 999 |
_c548569 _d548569 |
||